[Event "WchT Blitz Pool A"]
[Site "London"]
[Date "2025.06.14"]
[Round "2.1"]
[White "Khoury, Theo"]
[Black "Eren, Ataberk"]
[Result "1-0"]
[WhiteElo "2209"]
[BlackElo "2423"]
[PlyCount "97"]
[EventDate "2025.06.14"]
[EventType "team-tourn"]
[EventRounds "13"]
[EventCountry "ENG"]
[SourceTitle "CB25_2025"]
[SourceDate "2025.06.18"]
[SourceVersion "1"]
[SourceVersionDate "2025.06.18"]
[SourceQuality "1"]
[WhiteTeam "Chess Trust Accelerators"]
[BlackTeam "Istanbul Satranc"]
[WhiteTeamCountry "ENG"]
[BlackTeamCountry "TUR"]

1. e4 c6 2. d4 d5 3. Nc3 dxe4 4. Nxe4 Nf6 5. Nxf6+ exf6 6. c3 Bd6 7. Bd3 0-0 8. Ne2 Re8 9. 0-0 Nd7 10. Ng3 Nf8 11. f4 Bd7 12. b3 b5 13. Bb2 a5 14. Qf3 a4 15. c4 Ne6 16. f5 Ng5 17. Qg4 Qc7 18. bxa4 Rxa4 19. cxb5 cxb5 20. Kh1 Bxg3 21. hxg3 Re3 22. Rac1 Qb8 23. Qf4 Qe8 24. Rc7 Rxd3 25. Rxd7 h5 26. Qd6 Ra8 27. Re7 Qd8 28. Qb4 Rxg3 29. Rfe1 Qd5 30. R1e2 Kh7 31. Qe1 Rxa2 32. Qxg3 Qc4 33. Qh4 Kh6 34. Re8 g6 35. fxg6 fxg6 36. R2e7 Qf1+ 37. Kh2 Nf3+ 38. gxf3 Rxb2+ 39. Kg3 Rg2+ 40. Kf4 Qc1+ 41. Ke4 Re2+ 42. Kd5 Qc4+ 43. Kd6 Qb4+ 44. Kd7 g5 45. Rh8+ Kg6 46. Qxh5+ Kf5 47. Qg4+ Kg6 48. Rg8+ Kh6 49. Qh3# 1-0

[Event "WchT Rapid"]
[Site "London"]
[Date "2025.06.13"]
[Round "10.1"]
[White "Momunaliev, Ruslan"]
[Black "Khoury, Theo"]
[Result "1/2-1/2"]
[WhiteElo "2070"]
[BlackElo "2144"]
[PlyCount "94"]
[EventDate "2025.06.11"]
[EventType "team-swiss"]
[EventRounds "12"]
[EventCountry "ENG"]
[SourceTitle "CB25_2025"]
[SourceDate "2025.06.18"]
[SourceVersion "1"]
[SourceVersionDate "2025.06.18"]
[SourceQuality "1"]
[WhiteTeam "KYR Youth"]
[BlackTeam "Chess Trust Accelerators"]
[WhiteTeamCountry "KGZ"]
[BlackTeamCountry "ENG"]

1. e4 c5 2. Nf3 d6 3. Bb5+ Bd7 4. Bxd7+ Nxd7 5. 0-0 Ngf6 6. Re1 e6 7. c4 Ne5 8. Nc3 Be7 9. d3 0-0 10. Bf4 Nc6 11. h3 Rc8 12. Rc1 a6 13. Bg3 Qa5 14. Qb3 Qb4 15. Qxb4 Nxb4 16. Red1 Rfd8 17. a3 Nc6 18. Bh4 h6 19. b3 Rb8 20. d4 cxd4 21. Nxd4 Nxd4 22. Rxd4 b5 23. cxb5 axb5 24. Rcd1 Rdc8 25. Na2 g5 26. Bg3 e5 27. Rb4 Ra8 28. a4 bxa4 29. bxa4 Rc2 30. Nc1 d5 31. Rb7 Ba3 32. Bxe5 Nxe4 33. Nd3 f6 34. f3 Nc3 35. Bxc3 Rxc3 36. Nf2 Bc5 37. Kf1 Rc2 38. Ng4 Rxa4 39. Nxf6+ Kf8 40. Nd7+ Ke8 41. Nxc5 Rxc5 42. Re1+ Kd8 43. Rh7 Rc2 44. Rb1 Kc8 45. Re1 Kd8 46. Rb1 Kc8 47. Re1 Kd8 1/2-1/2

[Event "WchT Rapid"]
[Site "London"]
[Date "2025.06.12"]
[Round "6.1"]
[White "Khoury, Theo"]
[Black "Turner, Matthew"]
[Result "0-1"]
[WhiteElo "2144"]
[BlackElo "2506"]
[PlyCount "78"]
[EventDate "2025.06.11"]
[EventType "team-swiss"]
[EventRounds "12"]
[EventCountry "ENG"]
[SourceTitle "CB25_2025"]
[SourceDate "2025.06.18"]
[SourceVersion "1"]
[SourceVersionDate "2025.06.18"]
[SourceQuality "1"]
[WhiteTeam "Chess Trust Accelerators"]
[BlackTeam "Sassy Seniors"]
[WhiteTeamCountry "ENG"]
[BlackTeamCountry "ENG"]

1. e4 e5 2. Nf3 Nc6 3. Bc4 Bc5 4. c3 Nf6 5. d3 d6 6. 0-0 Bb6 7. Nbd2 0-0 8. Bb3 Ne7 9. Re1 c6 10. Nf1 Ng6 11. Ng3 h6 12. h3 Nh7 13. d4 Ng5 14. Be3 Qf6 15. Nh2 Nf4 16. Ng4 Qg6 17. dxe5 Bxe3 18. Rxe3 Ngxh3+ 19. gxh3 Nxh3+ 20. Kh2 Bxg4 21. f3 Qg5 22. Qe1 Bc8 23. e6 Nf4 24. exf7+ Kh8 25. Rd1 Qe5 26. Qd2 Qe7 27. Kg1 Qh4 28. Qh2 Qg5 29. Ree1 Be6 30. Bxe6 Nxe6 31. Kf2 Qf4 32. Rh1 Ng5 33. Rd3 Rxf7 34. Ke2 Nxf3 35. Qf2 Raf8 36. Rf1 Qg4 37. Ke3 Ne5 38. Nf5 Rxf5 39. exf5 Nc4# 0-1

[Event "WchT Rapid"]
[Site "London"]
[Date "2025.06.11"]
[Round "2.2"]
[White "Ahmad, Khagan"]
[Black "Khoury, Theo"]
[Result "1-0"]
[WhiteElo "2301"]
[BlackElo "2144"]
[PlyCount "105"]
[EventDate "2025.06.11"]
[EventType "team-swiss"]
[EventRounds "12"]
[EventCountry "ENG"]
[SourceTitle "CB25_2025"]
[SourceDate "2025.06.18"]
[SourceVersion "1"]
[SourceVersionDate "2025.06.18"]
[SourceQuality "1"]
[WhiteTeam "Turkish Airlines Sports"]
[BlackTeam "Chess Trust Accelerators"]
[WhiteTeamCountry "TUR"]
[BlackTeamCountry "ENG"]

1. d4 d5 2. c4 e6 3. Nf3 Nf6 4. Nc3 Be7 5. g4 0-0 6. g5 Ne4 7. Qd3 Nxg5 8. Bxg5 Bxg5 9. Nxg5 Qxg5 10. h4 Qh5 11. Qg3 Na6 12. Rg1 Qh6 13. e3 c6 14. 0-0-0 dxc4 15. Bxc4 b5 16. Bd3 Nb4 17. Bb1 Nd5 18. Ne4 f5 19. Ng5 Qf6 20. e4 fxe4 21. Bxe4 h6 22. Nh3 Nf4 23. Nxf4 Qxf4+ 24. Qxf4 Rxf4 25. Bxc6 Rb8 26. Rg6 Rb6 27. d5 Kh7 28. Rdg1 Rf7 29. h5 Rc7 30. Kd2 exd5 31. Bxd5 Rd7 32. Ke3 Rbd6 33. Be4 Kg8 34. Rc1 Ba6 35. Rxd6 Rxd6 36. Rc7 b4 37. Bg6 Rd8 38. Rxa7 Bc4 39. b3 Be6 40. Rb7 Kf8 41. Rxb4 Ke7 42. a4 Rd5 43. Rb6 Ra5 44. Kd4 Ra7 45. Ke5 Ra5+ 46. Kd4 Ra7 47. f4 Ra5 48. f5 Bd7 49. Kc3 Re5 50. Rb7 Kd6 51. Rb8 Ke7 52. Rg8 Kf6 53. Rf8+ 1-0

[Event "WchT Rapid"]
[Site "London"]
[Date "2025.06.11"]
[Round "4.2"]
[White "Khoury, Theo"]
[Black "Reimanis, Ritvars"]
[Result "1-0"]
[WhiteElo "2144"]
[BlackElo "2331"]
[PlyCount "101"]
[EventDate "2025.06.11"]
[EventType "team-swiss"]
[EventRounds "12"]
[EventCountry "ENG"]
[SourceTitle "CB25_2025"]
[SourceDate "2025.06.18"]
[SourceVersion "1"]
[SourceVersionDate "2025.06.18"]
[SourceQuality "1"]
[WhiteTeam "Chess Trust Accelerators"]
[BlackTeam "The MongolZ"]
[WhiteTeamCountry "ENG"]
[BlackTeamCountry "MGL"]

1. e4 e6 2. d4 d5 3. Nc3 c6 4. Nf3 f5 5. e5 g6 6. Bg5 Qb6 7. Qc1 Nd7 8. h4 Bb4 9. h5 gxh5 10. Be2 Nf8 11. Bf6 Nxf6 12. exf6 Bd7 13. Ne5 0-0-0 14. Nf7 Qxd4 15. Nxh8 Qxf6 16. Kf1 Qxh8 17. Rxh5 Be8 18. Rh3 Qf6 19. Qf4 Bd6 20. Qh4 Qg7 21. a4 a5 22. Re1 Qc7 23. Bh5 Bd7 24. Qd4 Kb8 25. Na2 e5 26. Qd2 f4 27. Rh1 Qb6 28. Rb1 Bf5 29. b4 axb4 30. Nxb4 c5 31. a5 Qb5+ 32. Be2 c4 33. Qxd5 Qxd5 34. Nxd5 Bxc2 35. Rb5 Ba4 36. Rb2 Bb3 37. Bf3 Ba3 38. Rb1 Bc2 39. Rb5 c3 40. Nb4 e4 41. Nxc2 exf3 42. gxf3 Bb2 43. a6 b6 44. Rh6 Nd7 45. Rd6 Kc7 46. Rbd5 b5 47. a7 Ba3 48. Nxa3 b4 49. Nb5+ Kb7 50. Rxd7+ Rxd7 51. Rxd7+ 1-0

[Event "Southend GM"]
[Site "Southend"]
[Date "2025.04.20"]
[Round "8"]
[White "Janik, Igor"]
[Black "Khoury, Theo"]
[Result "1-0"]
[WhiteElo "2520"]
[BlackElo "2164"]
[PlyCount "69"]
[EventDate "2025.04.17"]
[EventType "tourn"]
[EventRounds "9"]
[EventCountry "ENG"]
[EventCategory "6"]
[SourceTitle "CB17_2025"]
[SourceDate "2025.04.23"]
[SourceVersion "1"]
[SourceVersionDate "2025.04.23"]
[SourceQuality "1"]

1. e4 c5 2. Nf3 d6 3. Nc3 Nf6 4. e5 dxe5 5. Nxe5 a6 6. g3 Qd6 7. Qe2 Nc6 8. Nxc6 Qxc6 9. Rg1 Bg4 10. Qe3 g6 11. Bg2 Qc7 12. d3 Bg7 13. Qf4 e5 14. Qa4+ Bd7 15. Qh4 h6 16. Be3 Rc8 17. Nd5 Qd6 18. Nxf6+ Bxf6 19. Qe4 Bc6 20. Qg4 Bd7 21. Qe2 b5 22. c4 Bg7 23. g4 0-0 24. Rd1 Be6 25. h4 Rcd8 26. b3 f5 27. gxf5 gxf5 28. Bc1 e4 29. Bb2 exd3 30. Bd5 dxe2 31. Rxg7+ Kh8 32. Re7+ Kg8 33. Bxe6+ Qxe6 34. Rg7+ Kh8 35. Rxd8 1-0

[Event "Southend GM"]
[Site "Southend"]
[Date "2025.04.17"]
[Round "2"]
[White "Khoury, Theo"]
[Black "Golding, Alex"]
[Result "0-1"]
[WhiteElo "2164"]
[BlackElo "2369"]
[PlyCount "170"]
[EventDate "2025.04.17"]
[EventType "tourn"]
[EventRounds "9"]
[EventCountry "ENG"]
[EventCategory "6"]
[SourceTitle "CB17_2025"]
[SourceDate "2025.04.23"]
[SourceVersion "1"]
[SourceVersionDate "2025.04.23"]
[SourceQuality "1"]

1. e4 e5 2. Nf3 Nc6 3. Bc4 Nf6 4. d3 Be7 5. 0-0 d6 6. c3 0-0 7. h3 Na5 8. Bb5 a6 9. Ba4 b5 10. Bc2 c5 11. Nbd2 Qc7 12. Re1 Re8 13. Nf1 Bf8 14. Ng3 g6 15. Bg5 Bg7 16. Qd2 Be6 17. Bh6 Rac8 18. Nh4 Bxh6 19. Qxh6 Qe7 20. f4 Kh8 21. Qg5 Ng8 22. Qxe7 Rxe7 23. f5 Bd7 24. Rf1 Be8 25. Nf3 f6 26. h4 Nh6 27. fxg6 hxg6 28. h5 g5 29. Nd2 Kg7 30. Rf3 Bd7 31. Ndf1 Ng4 32. Bd1 c4 33. b4 Nb7 34. Nf5+ Bxf5 35. Rxf5 Nh6 36. Rf2 d5 37. Ne3 d4 38. Nd5 Rf7 39. cxd4 exd4 40. a4 Rc6 41. axb5 axb5 42. g4 Nd6 43. Kg2 cxd3 44. Rd2 Nxe4 45. Rxd3 Nc3 46. Bf3 Nxd5 47. Bxd5 Rc2+ 48. Kf3 Rd7 49. Rxd4 Rc3+ 50. Ke2 Nxg4 51. Ra5 Re3+ 52. Kd2 Re5 53. Rxb5 Kh6 54. Kd3 Kxh5 55. Rc5 f5 56. b5 Ree7 57. b6 Kg6 58. Rb4 Nf6 59. b7 Nxd5 60. b8Q Nxb4+ 61. Kc4 Re4+ 62. Kb5 Rd5 63. Qg8+ Kf6 64. Qf8+ Ke5 65. Qb8+ Kd4 66. Qb6 Kd3 67. Qf6 f4 68. Rxd5+ Nxd5 69. Qxg5 Ne3 70. Qh5 Rd4 71. Kc6 Rc4+ 72. Kd6 Ke4 73. Qe5+ Kf3 74. Qh5+ Kg3 75. Qg5+ Ng4 76. Kd5 Rc3 77. Qg7 Re3 78. Qa1 f3 79. Qg1+ Kf4 80. Kd4 f2 81. Qc1 Kg3 82. Qc7+ Kg2 83. Qc2 Re1 84. Qg6 Rd1+ 85. Ke4 Kg3 0-1

[Event "British Rapidplay"]
[Site "Peterborough"]
[Date "2025.03.02"]
[Round "11"]
[White "Bowcott Terry, Finlay"]
[Black "Khoury, Theo"]
[Result "0-1"]
[WhiteElo "2202"]
[BlackElo "2164"]
[PlyCount "98"]
[EventDate "2025.03.01"]
[EventType "swiss (rapid)"]
[EventRounds "11"]
[EventCountry "ENG"]
[SourceTitle "CB10_2025"]
[SourceDate "2025.03.05"]
[SourceVersion "1"]
[SourceVersionDate "2025.03.05"]
[SourceQuality "1"]

1. e4 c5 2. Nf3 d6 3. d4 cxd4 4. Qxd4 Nf6 5. Nc3 Nc6 6. Bb5 Bd7 7. Bxc6 Bxc6 8. Bg5 e6 9. 0-0-0 Be7 10. Qd3 Qa5 11. Kb1 Rc8 12. h4 h6 13. Bd2 Qa6 14. Nd4 Qxd3 15. cxd3 0-0 16. f3 d5 17. g4 Nd7 18. g5 h5 19. g6 Bf6 20. Nce2 Ne5 21. gxf7+ Kxf7 22. Bc3 dxe4 23. fxe4 Ng4 24. Rdf1 e5 25. Nxc6 Rxc6 26. d4 exd4 27. Nxd4 Rc4 28. Nf5 Kg6 29. Nd6 Rc6 30. e5 Be7 31. Rxf8 Bxf8 32. Nxb7 Be7 33. a4 Re6 34. Bd4 a6 35. Na5 Nxe5 36. Re1 Kf5 37. Rf1+ Ke4 38. Nb3 Nf3 39. Bc3 Rb6 40. Kc2 Bxh4 41. Nc5+ Ke3 42. Bxg7 Rc6 43. b4 Be7 44. Rh1 Bxc5 45. bxc5 Rxc5+ 46. Kb3 Kf2 47. Kb4 Rf5 48. Bc3 h4 49. Be1+ Kg2 0-1

[Event "Isle of Wight blitz op1"]
[Site "Isle of Wight"]
[Date "2025.02.19"]
[Round "7"]
[White "Larchikov, Maksym"]
[Black "Khoury, Theo"]
[Result "0-1"]
[WhiteElo "2023"]
[BlackElo "2199"]
[PlyCount "149"]
[EventDate "2025.02.19"]
[EventType "swiss (blitz)"]
[EventRounds "7"]
[EventCountry "ENG"]
[SourceTitle "CB08_2025"]
[SourceDate "2025.02.19"]
[SourceVersion "1"]
[SourceVersionDate "2025.02.19"]
[SourceQuality "1"]

1. d4 d5 2. c4 e6 3. Nc3 Nf6 4. Nf3 Be7 5. Bg5 h6 6. Bh4 dxc4 7. e3 c5 8. Bxc4 cxd4 9. Nxd4 0-0 10. 0-0 Bd7 11. Be2 Nc6 12. Bf3 Rc8 13. Rc1 a6 14. Bg3 Nxd4 15. Qxd4 Bc6 16. Qxd8 Rfxd8 17. Bxc6 Rxc6 18. Rfd1 Rcc8 19. Kf1 b5 20. Rxd8+ Rxd8 21. Ke1 Nd5 22. Nxd5 Rxd5 23. Ke2 Bb4 24. Rc2 Kf8 25. a3 Be7 26. Rc8+ Rd8 27. Rxd8+ Bxd8 28. Kd3 Ke7 29. Be5 g6 30. Bg7 h5 31. Bc3 Bb6 32. Bd4 Bc7 33. h3 e5 34. Bc5+ Ke6 35. e4 Ba5 36. b4 Bc7 37. Ke3 f5 38. f3 Bd8 39. Ke2 Bg5 40. Be3 Be7 41. Bb6 Kf6 42. Be3 Bd8 43. Kd3 Ke6 44. Ke2 Bh4 45. Bc5 Bg3 46. Bb6 g5 47. exf5+ Kxf5 48. Kd3 Be1 49. Be3 Bg3 50. Bb6 Bh2 51. Be3 Bf4 52. Bxf4 Kxf4 53. Ke2 e4 54. fxe4 Kxe4 55. Kf2 Kd3 56. Kf3 Kc3 57. g4 h4 58. Ke4 Kb3 59. Kf5 Kxa3 60. Kxg5 Kxb4 61. Kxh4 Kc5 62. g5 Kd6 63. Kh5 b4 64. g6 b3 65. g7 b2 66. g8Q b1Q 67. h4 Qf5+ 68. Qg5 Ke6 69. Qxf5+ Kxf5 70. Kh6 a5 71. h5 a4 72. Kg7 a3 73. h6 a2 74. h7 a1Q+ 75. Kg8 0-1

[Event "Isle of Wight op"]
[Site "Ryde"]
[Date "2025.02.19"]
[Round "3"]
[White "Zhu, Pengxiao"]
[Black "Khoury, Theo"]
[Result "0-1"]
[WhiteElo "1922"]
[BlackElo "2124"]
[PlyCount "80"]
[EventDate "2025.02.18"]
[EventType "swiss"]
[EventRounds "9"]
[EventCountry "ENG"]
[SourceTitle "CB09_2025"]
[SourceDate "2025.02.27"]
[SourceVersion "1"]
[SourceVersionDate "2025.02.27"]
[SourceQuality "1"]

1. d4 d5 2. c4 e6 3. Nc3 Nf6 4. cxd5 exd5 5. Bg5 c6 6. e3 h6 7. Bh4 Be7 8. Bd3 0-0 9. Qc2 Re8 10. Nge2 Nbd7 11. 0-0 a5 12. f3 b5 13. Rad1 Ba6 14. h3 Qb6 15. Kh1 b4 16. Nb1 Bxd3 17. Qxd3 c5 18. Nd2 Qa6 19. Qxa6 Rxa6 20. Bf2 Bd6 21. Rfe1 Rc6 22. Rc1 Rec8 23. e4 dxe4 24. fxe4 cxd4 25. Rxc6 Rxc6 26. Nxd4 Rc8 27. b3 Ne5 28. Bg3 Nd3 29. Bxd6 Nxe1 30. e5 Rc1 31. Kh2 Rd1 32. Nc4 Ne4 33. Nf5 Ra1 34. Nfe3 Rxa2 35. h4 a4 36. Bxb4 Nd3 37. bxa4 Nxb4 38. a5 Nc6 39. Nd6 Nxd6 40. exd6 Rxa5 0-1

[Event "BCF-chT2 2425 (4NCL)"]
[Site "England"]
[Date "2025.01.26"]
[Round "4.11"]
[White "Khoury, Theo"]
[Black "Rees, Ioan"]
[Result "0-1"]
[WhiteElo "2206"]
[BlackElo "2266"]
[PlyCount "82"]
[EventDate "2024.11.23"]
[EventType "team-tourn"]
[EventRounds "11"]
[EventCountry "ENG"]
[SourceTitle "CB14_2025"]
[SourceDate "2024.11.01"]
[SourceVersion "1"]
[SourceVersionDate "2024.11.01"]
[SourceQuality "1"]
[WhiteTeam "Oxford"]
[BlackTeam "The Audible Checks"]
[WhiteTeamCountry "ENG"]
[BlackTeamCountry "ENG"]

1. e4 e6 2. d4 d5 3. Nc3 Bb4 4. exd5 exd5 5. Bd3 Nf6 6. Nge2 0-0 7. 0-0 Re8 8. a3 Bf8 9. Bf4 c6 10. Qd2 Ne4 11. Bxe4 dxe4 12. Rad1 Na6 13. Ng3 f5 14. f3 exf3 15. Rxf3 g6 16. d5 Qf6 17. Bg5 Qg7 18. Nge2 Nc5 19. d6 Bd7 20. Be3 Ne6 21. h4 Nd8 22. h5 Nf7 23. hxg6 hxg6 24. Bf4 Re6 25. Rd3 g5 26. Bh2 Rh6 27. Ng3 Bxd6 28. Nf1 Bc5+ 29. Kh1 Be6 30. Ne2 Re8 31. Nd4 Bc8 32. Re1 Rf8 33. b4 Bb6 34. Kg1 f4 35. c3 Bf5 36. Rf3 Ne5 37. Rf2 Ng4 38. Rfe2 Bg6 39. Re7 Rf7 40. Re8+ Kh7 41. R1e6 Rd7 0-1

[Event "EU-ch U14"]
[Site "Prague"]
[Date "2024.08.26"]
[Round "5"]
[White "Khoury, Theo"]
[Black "Durucay, Uygar"]
[Result "0-1"]
[WhiteElo "2085"]
[BlackElo "2234"]
[PlyCount "88"]
[EventDate "2024.08.22"]
[EventType "swiss"]
[EventRounds "9"]
[EventCountry "CZE"]
[SourceTitle "CBM 221 Extra"]
[Source "ChessBase"]
[SourceDate "2024.09.30"]
[SourceVersion "1"]
[SourceVersionDate "2024.09.30"]
[SourceQuality "1"]

1. e4 c6 2. d4 d5 3. exd5 cxd5 4. Bd3 Nc6 5. c3 Nf6 6. Nf3 Bg4 7. h3 Bh5 8. Bf4 e6 9. 0-0 Bd6 10. Bxd6 Qxd6 11. Nbd2 0-0 12. Re1 Qc7 13. a3 Rab8 14. Re3 Na5 15. Qf1 b5 16. b4 Nc4 17. Bxc4 dxc4 18. g4 Bg6 19. Ne5 Nd5 20. Rg3 f6 21. Nxg6 hxg6 22. Ne4 Ra8 23. Nc5 Qd6 24. a4 a6 25. axb5 axb5 26. Ra5 Rxa5 27. bxa5 Ra8 28. Qb1 Nf4 29. Rf3 Rxa5 30. Nb7 Qd5 31. Rxf4 Qxb7 32. Qxg6 Ra1+ 33. Kh2 Rh1+ 34. Kg3 Rg1+ 35. Kh4 Qf7 36. Kh5 Rd1 37. g5 f5 38. h4 Rd3 39. f3 Rd1 40. d5 Rxd5 41. Qxf7+ Kxf7 42. g6+ Kf6 43. Rd4 Rxd4 44. cxd4 c3 0-1

[Event "BCF-ch"]
[Site "Hull"]
[Date "2024.08.04"]
[Round "9"]
[White "Wu, Li"]
[Black "Khoury, Theo"]
[Result "1-0"]
[WhiteElo "2328"]
[BlackElo "2113"]
[PlyCount "99"]
[EventDate "2024.07.27"]
[EventType "swiss"]
[EventRounds "9"]
[EventCountry "ENG"]
[SourceTitle "CBM 221 Extra"]
[Source "ChessBase"]
[SourceDate "2024.09.30"]
[SourceVersion "1"]
[SourceVersionDate "2024.09.30"]
[SourceQuality "1"]

1. Nf3 d5 2. g3 Nd7 3. Bg2 e5 4. d3 Ngf6 5. 0-0 Bd6 6. c4 c6 7. cxd5 cxd5 8. e4 d4 9. a4 b6 10. Na3 Ba6 11. Nb5 Be7 12. Bd2 0-0 13. Bh3 Re8 14. b4 Bxb5 15. axb5 Qc7 16. Qb3 h6 17. Rfc1 Qb7 18. Rc6 Bd8 19. Nh4 a6 20. Qa4 Be7 21. bxa6 Rxa6 22. Qxa6 Qxc6 23. Rc1 Ra8 24. b5 Qxc1+ 25. Bxc1 Rxa6 26. bxa6 b5 27. a7 Nb6 28. f4 b4 29. Nf3 Ne8 30. Bd7 Nc7 31. Bc6 f6 32. fxe5 fxe5 33. Nxe5 b3 34. Bb2 Bb4 35. Nc4 Nxc4 36. Bd5+ Kf8 37. Bxc4 Bc5 38. Bxb3 Bxa7 39. Ba3+ Ke8 40. Kg2 Na6 41. Bc4 Bc5 42. Bb2 Nb4 43. Kf3 Ke7 44. e5 Nc2 45. Ke4 Ne3 46. Bxd4 Bxd4 47. Kxd4 Nf1 48. Ke4 Nxh2 49. d4 Ng4 50. d5 1-0